000 00528nam a2200181Ia 4500
003 GCL
008 140319s9999 xx 000 0 eng d
040 _aGCL /
_cGCL
082 0 4 _a006.3
_bD S
100 1 _aDONOLD, BRUCE RANDALL
245 1 0 _aSYMBOLIC AND NUMERICAL COMPUTION FOR ARTIFICIAL INTELLIGENCE /
_cDONOLD, BRUCE RANDALL
700 1 _aKAPUR, DEEPAK
700 1 _aMUNDY, JOSEPH
260 _a[S.N] :
_bACDEMIC PRESS ،
_c1992
650 0 4 _aشعر الحرب
650 0 4 _aARTIFICIAL INTELLIGENCE
942 _2ddc
_cBK
999 _c17148
_d17148